Zahraniční obchod výrobky chovu skotu.

Rozhodujúce miesto výrobkov patriacich do nomenklatúry tovaru SITC skupiny O (potraviny a živé zvieratá) v rámci agrárneho vývozu ČSFR. Vplyv úrovne nákladov a produktivity práce v chove hovädzieho dobytka na efektívnosť vývozu výrobkov z tejto produkcie.

Saved in:
Bibliographic Details
Main Author: Vološin, Josef
Format: Book Chapter
Language:Czech
Subjects:
Tags: Add Tag
No Tags, Be the first to tag this record!

MARC

LEADER 00000naa a2200000 4500
001 r006755
005 20221125081658.4
041 0 |a cze 
044 |a [CS] 
245 1 0 |a Zahraniční obchod výrobky chovu skotu.  |c J. Vološin 
520 |a Rozhodujúce miesto výrobkov patriacich do nomenklatúry tovaru SITC skupiny O (potraviny a živé zvieratá) v rámci agrárneho vývozu ČSFR. Vplyv úrovne nákladov a produktivity práce v chove hovädzieho dobytka na efektívnosť vývozu výrobkov z tejto produkcie. 
610 2 0 |a dobytkárstvo 
610 2 0 |a výrobky poľnohospodárske 
610 2 0 |a obchod zahraničný 
610 2 0 |a náklady 
610 2 0 |a produktivita práce 
610 2 0 |a ČSFR 
610 2 0 |a štruktúra vývozu 
610 2 0 |a výroba živočíšna 
100 1 |a Vološin, Josef